| 000 | nam a22 7a 4500 | ||
|---|---|---|---|
| 999 |
_c29230 _d29230 |
||
| 008 | 171122b xxu||||| |||| 00| 0 eng d | ||
| 020 | _a8187498145 | ||
| 050 | _aHD 1491 .R36 2000 | ||
| 100 | _aRao, V. M. | ||
| 245 |
_aDeveloping agro enterprises among farm women : _ba case of Amul _c V. M. Rao |
||
| 260 |
_aNew Delhi : _b Regency Publications, _c©2000. |
||
| 300 | _ax, 108 pages, [1] folded leaf of plates : maps ; 23 cm | ||
| 650 | _a Cooperative marketing of farm produce -- India -- Kheda (District) | ||
| 650 | _a Kaira District Cooperative Milk Producers' Union. | ||
| 650 | _aAgriculture -- Economic aspects -- India -- Kheda (District) | ||
| 942 |
_2lcc _cBOOKS _hHD 1491 .R36 2000 |
||